[Event "Aragon-ch"]
[Site "Zaragoza"]
[Date "2022.08.28"]
[Round "2.2"]
[White "Vicente Gomez, Lorien"]
[Black "Glavina, Pablo"]
[Result "0-1"]
[WhiteElo "1732"]
[BlackElo "2394"]
[PlyCount "64"]
[EventDate "2022.08.27"]
[EventType "swiss"]
[EventRounds "7"]
[EventCountry "ESP"]
[SourceTitle "EXT 2024"]
[Source "ChessBase"]
[SourceDate "2023.10.10"]
[SourceVersion "1"]
[SourceVersionDate "2023.10.10"]
[SourceQuality "1"]

1. e4 c5 2. c3 d5 3. exd5 Qxd5 4. Nf3 g6 5. d4 Bg7 6. Be2 Nf6 7. h3 0-0 8. 0-0 Nc6 9. Be3 cxd4 10. Nxd4 e5 11. Nxc6 Qxc6 12. Qc1 b5 13. Rd1 Bb7 14. Bf1 Nd5 15. Na3 a6 16. c4 Nxe3 17. Qxe3 b4 18. Nc2 a5 19. Rd2 f5 20. Rad1 f4 21. Qd3 e4 22. Qd5+ Qxd5 23. cxd5 Bxb2 24. Re2 Rae8 25. Nxb4 Bc3 26. Nc6 e3 27. fxe3 fxe3 28. Ne7+ Rxe7 29. d6 Ref7 30. Rc2 Rxf1+ 31. Rxf1 Rxf1+ 32. Kxf1 Ba6+ 0-1

[Event "Aragon-chT Preferente"]
[Site "Aragon"]
[Date "2021.04.10"]
[Round "4.47"]
[White "Orti Stock, Carlos"]
[Black "Vicente Gomez, Lorien"]
[Result "1/2-1/2"]
[WhiteElo "1826"]
[BlackElo "1502"]
[PlyCount "56"]
[EventDate "2021.03.13"]
[EventType "team-tourn"]
[EventRounds "9"]
[EventCountry "ESP"]
[SourceTitle "EXT 2024"]
[Source "ChessBase"]
[SourceDate "2023.10.10"]
[SourceVersion "1"]
[SourceVersionDate "2023.10.10"]
[SourceQuality "1"]
[WhiteTeam "Utebo San Lamberto"]
[BlackTeam "Palacio de Pioneros III"]
[WhiteTeamCountry "ESP"]
[BlackTeamCountry "ESP"]

1. b3 Nf6 2. Bb2 g6 3. Bxf6 exf6 4. c4 d5 5. cxd5 Qxd5 6. Nc3 Qa5 7. e3 Bb4 8. Qc2 0-0 9. h4 Rd8 10. a3 Bf5 11. Qb2 Bxc3 12. Qxc3 Qxc3 13. dxc3 Bc2 14. b4 Nc6 15. Nf3 Ne5 16. Nd4 Ba4 17. Be2 c5 18. bxc5 Rac8 19. Rb1 Rxc5 20. Rxb7 Rxc3 21. 0-0 Nc6 22. Nxc6 Bxc6 23. Rc7 Rd7 24. Rc8+ Kg7 25. Bf3 Rd6 26. Rc7 Rc2 27. Bxc6 Rdxc6 28. Rxa7 Ra2 1/2-1/2